000 00404nam a22001697a 4500
005 20160625122637.0
008 160625b xxu||||| |||| 00| 0 eng d
020 _a0-7619-3326-3
041 _aeng
082 _b10199
100 _aFossard, Esta De
_92776
245 _aWriting and Producing Radio Dramas
260 _bSage
_c2005
300 _a325
650 _aMass Communication
_92660
942 _cBK
999 _c4013
_d4012